গ্যাসের আণবিক তত্ত্ব / (Record no. 39974)
[ view plain ]
| 000 -LEADER | |
|---|---|
| fixed length control field | 01070nam a2200241 a 4500 |
| 001 - CONTROL NUMBER | |
| control field | 39974 |
| 003 - CONTROL NUMBER IDENTIFIER | |
| rucl marc code | BD-RjUL |
| 005 - DATE AND TIME OF LATEST TRANSACTION | |
| control field | 20211209053116.0 |
| 008 - FIXED-LENGTH DATA ELEMENTS--GENERAL INFORMATION | |
| fixed length control field | 160420s1979 ii a|||| |||| 00| 0 ben d |
| 020 ## - INTERNATIONAL STANDARD BOOK NUMBER | |
| Terms of availability | : Tk. 12.00 |
| 035 ## - SYSTEM CONTROL NUMBER | |
| System control number | (BD-RjUL) 40088 |
| 040 ## - CATALOGING SOURCE | |
| Original cataloging agency | BD-RjUL |
| Language of cataloging | ben |
| Transcribing agency | BD-RjUL |
| 041 ## - LANGUAGE CODE | |
| Language code of text/sound track or separate title | ben |
| 082 ## - DEWEY DECIMAL CLASSIFICATION NUMBER | |
| Edition number | 23 |
| Classification number | 533.7 |
| Author mark and year | CHG 1979 |
| 100 ## - MAIN ENTRY--PERSONAL NAME | |
| Personal name | চৌধুরী, শ্রীপ্রতীপকুমার |
| 9 (RLIN) | 123120 |
| 245 10 - TITLE STATEMENT | |
| Title | গ্যাসের আণবিক তত্ত্ব / |
| Statement of responsibility, etc. | শ্রীপ্রতীপকুমার চৌধুরী |
| 260 ## - PUBLICATION, DISTRIBUTION, ETC. (IMPRINT) | |
| Place of publication, distribution, etc. | কলিকাতা : |
| Name of publisher, distributor, etc. | পশ্চিমবঙ্গ রাজ্য পুস্তক পর্ষদ, |
| Date of publication, distribution, etc. | ১৯৭৯ |
| 300 ## - PHYSICAL DESCRIPTION | |
| Pagination | iii, [৫], ১৮২ পৃ. : |
| Illustrations | চিত্র ; |
| Size | ২১ সেমি. |
| 500 ## - GENERAL NOTE | |
| General note | শুদ্ধিপত্র সংযুক্ত |
| 650 ## - SUBJECT ADDED ENTRY--TOPICAL TERM | |
| Topical term or geographic name as entry element | বিজ্ঞান - রসায়ন |
| General subdivision | দৈহিক ও তাত্ত্বিক |
| 9 (RLIN) | 123125 |
| Topical term or geographic name as entry element | Science -- Chemistry |
| General subdivision | Physical & Theoretical |
| 9 (RLIN) | 123126 |
| 942 ## - ADDED ENTRY ELEMENTS (KOHA) | |
| Source of classification or shelving scheme | Dewey Decimal Classification |
| Koha item type | Books |
| Lost status | Source of classification or shelving scheme | Damaged status | Not for loan | Collection code | Permanent Location | Current Location | Shelving location | Date acquired | Source of acquisition | Cost, normal purchase price | Total Checkouts | Full call number | Date last seen | Copy number | Koha item type |
|---|---|---|---|---|---|---|---|---|---|---|---|---|---|---|---|
| Dewey Decimal Classification | Non-fiction | Central Library, University of Rajshahi | Central Library, University of Rajshahi | 06/04/1982 | India Int. Cop. | 12.00 | B 533.7 CHG 1979 | 20/04/2016 | C-2 | Books |